000 02375cam a2200433Ia 4500
001 27074087
003 OCoLC
005 20220628134515.0
008 921205s1990 ve a j 000 1 spa d
020 _a9802570508
020 _a 9789802570508
040 _aUOK
_beng
_cUOK
_dCOG
041 _aspa
090 _aPZ73.K825
_bC35 1992x
092 _aE
_bKUR
100 0 _aKurusa.
_0http://id.loc.gov/authorities/names/n87831210.
245 1 3 _aLa calle es libre /
_ctexto, Kurusa ; imagenes, Monika Doppert.
250 _a4a ed.
260 _aCaracas :
_bEdiciones Ekare-Banco del Libro,
_c[1996], 1990.
264 1 _aCaracas :
_bEdiciones Ekare-Banco del Libro,
_c[1996], 1990.
300 _a47 unnumbered pages :
_billustrations (some color) ;
_c21 x 23 cm.
336 _atext
_btxt
_2rdacontent.
337 _aunmediated
_bn
_2rdamedia.
338 _avolume
_bnc
_2rdacarrier.
385 _nage
_aChildren
_2lcdgt.
490 1 _aColeccion Asi vivimos.
500 _a"Una produccion del Banco del Libro y de la Fundacion para el Desarrollo de la Communidad y Fomento Municipal (Fundacomun)."
520 _a"Basado en la historia verdadera de unos ninos del Barrio San Jose de La Urbina, que querian un parque de juegos."
520 _aThe children of a rapidly growing part of Caracas want and need a park.
650 0 _aCommunity development
_0http://id.loc.gov/authorities/subjects/sh85029215
_0http://id.loc.gov/authorities/subjects/sh85029215
_zVenezuela
_zCaracas
_0http://id.loc.gov/authorities/names/n79097478
_vJuvenile fiction.
_0http://id.loc.gov/authorities/subjects/sh99001687.
650 0 _aParks
_zVenezuela
_0http://id.loc.gov/authorities/subjects/sh85098200
_zCaracas
_0http://id.loc.gov/authorities/names/n79097478
_vJuvenile fiction.
_0http://id.loc.gov/authorities/subjects/sh99001687.
650 0 _aSpanish language materials
_vJuvenile fiction.
651 0 _aSan Jose de la Urbina (Caracas, Venezuela)
_vJuvenile fiction.
651 0 _aCaracas (Venezuela)
_0http://id.loc.gov/authorities/names/n79097478
_vJuvenile fiction.
_0http://id.loc.gov/authorities/subjects/sh99001687.
655 7 _aFiction.
_2lcgft
_0http://id.loc.gov/authorities/genreForms/gf2014026339.
700 1 _aDoppert, Monika.
_0http://id.loc.gov/authorities/names/n87831212.
830 0 _aColeccion Asi vivimos.
_0http://id.loc.gov/authorities/names/no99078930.
942 _cBK
_2ddc
999 _c27188
_d27188